[Event "19th Rochefort Open 2020"]
[Site "Rochefort"]
[Date "2020.02.25"]
[Round "5.3"]
[White "Vorobiov, Evgeny E."]
[Black "Prie, Eric"]
[Result "1/2-1/2"]
[WhiteElo "2520"]
[BlackElo "2423"]
[Annotator "TA"]
[PlyCount "27"]
[EventDate "2020.02.22"]
[EventType "swiss"]
[EventCountry "FRA"]
[SourceTitle "playchess.com"]
[Source "ChessBase"]
[SourceQuality "1"]

{[%evp 10,27,37,22,50,23,31,31,38,35,43,29,14,44,52,44,55,47,44,7]} 1. e4 d5 2. exd5 Qxd5 3. Nc3 Qa5 4. d4 Nf6 5. Nf3 Bf5 6. Bd2 e6 {B01: Scandinavian Defence.} 7. Ne5 (7. Bc4 $5 {[%cal Rc3d5]} Qb6 8. h3 $11) 7... Qb6 8. Qf3 $1 c6 9. O-O-O {aiming for g4.} Nbd7 10. Nc4 Qd8 {next ...Bg4 is good for Black.} 11. h3 Nb6 {[#] White is slightly better.} 12. g4 $146 ({Predecessor:} 12. Ne5 Bb4 13. Rg1 Bxc3 14. Bxc3 Qd5 15. Qxd5 Nfxd5 16. Bd2 f6 17. Nf3 g5 18. Re1 {½-½ (33) Mignon,F (2408)-Woelk,R (2306) ICCF email 2008}) 12... Bg6 13. Ne5 $1 {Black must now prevent h4.} Bb4 14. Nxg6 {Accuracy: White = 80%, Black = 100%.} 1/2-1/2

[Event "19th Rochefort Open 2020"]
[Site "Rochefort"]
[Date "2020.02.25"]
[Round "5.4"]
[White "Burmakin, Vladimir"]
[Black "Le Goff, Ronan"]
[Result "1-0"]
[WhiteElo "2514"]
[BlackElo "2281"]
[Annotator "TA"]
[PlyCount "101"]
[EventDate "2020.02.22"]
[EventType "swiss"]
[EventCountry "FRA"]
[SourceTitle "playchess.com"]
[Source "ChessBase"]
[SourceQuality "1"]

{[%evp 9,101,26,25,27,31,28,30,25,28,21,32,7,36,10,18,14,15,17,11,11,20,10,11,0,13,0,7,0,6,4,8,0,11,10,17,10,16,18,14,0,1,0,10,0,0,0,0,4,13,0,4,5,8,0,1,0,0,0,0,0,0,0,0,0,0,0,0,0,51,35,179,178,187,0,0,0,89,102,1741,1729,1577,904,11811,6079,5073,1341,6183,6079,6203,6184,6143,6143,5225,5218]} 1. Nf3 d5 2. g3 Nd7 3. d4 Nb6 4. Nbd2 Bf5 5. Nh4 e6 6. Nxf5 {D02: 1 d4 d5 2 Nf3 sidelines, including 2...Nf6 3 g3 and 2...Nf6 3 Bf4.} exf5 7. Bg2 {[#]} c6 $146 ({Predecessor:} 7... Nf6 8. e3 c6 9. b3 Be7 10. c4 O-O 11. O-O Re8 12. Bb2 a5 13. a3 Qd7 {0-1 (30) Blohberger,F (2434)-Bluebaum,M (2644) Moscow 2019}) 8. O-O {White has an edge.} Nf6 9. c3 g6 10. f3 Bg7 11. e4 fxe4 12. fxe4 dxe4 13. Nxe4 Nxe4 14. Bxe4 O-O 15. Bg2 Qd7 16. Bf4 Rfe8 17. Qf3 Nd5 18. Bd2 f5 19. Rae1 Nf6 20. Qd3 Qf7 21. b3 Rxe1 22. Rxe1 Re8 23. Rxe8+ Qxe8 24. Qc4+ Kh8 25. Bf3 h5 26. Qd3 Kh7 27. Qe3 Qd7 28. Kg2 a6 29. h3 Nd5 30. Qe2 Qd6 31. c4 Nf6 32. Be3 Ne4 33. Bxe4 fxe4 34. Qf2 Qd7 35. g4 Kg8 36. gxh5 gxh5 37. Kg3 Qe6 38. Qf4 b5 (38... Kh7 $11) 39. cxb5 $14 cxb5 {[#]} ({Better is} 39... axb5 $14 40. Qg5 Qf7) 40. Qg5 $1 $18 Qf7 41. Bf4 $2 (41. Kh4 $18) 41... Kh7 $11 42. d5 Qg6 {[#]} (42... Bf6 $1 $11 {remains equal.} 43. Qh6+ Kg8) 43. d6 $1 $16 {[%cal Rd6d7] And now d7 would win.} Bf6 $2 {[%mdl 8192]} (43... Qf7 $16 44. Qe7 Qg6+ 45. Qg5 Qf7) 44. Qxg6+ $18 {White is clearly winning.} Kxg6 {[%mdl 4096] Endgame KB-KB} 45. d7 h4+ 46. Kg4 Bd8 47. Be3 (47. Bd2 $142 Kf7 48. Kf5) 47... a5 48. Bf2 Kf7 49. Bxh4 Bxh4 50. Kxh4 Ke7 51. Kg4 {Accuracy: White = 91%, Black = 69%.} 1-0

[Event "19th Rochefort Open 2020"]
[Site "Rochefort"]
[Date "2020.02.25"]
[Round "5.5"]
[White "Jeet, Jain"]
[Black "Martin Duque, Jesus"]
[Result "1-0"]
[WhiteElo "2223"]
[BlackElo "2446"]
[Annotator "TA"]
[PlyCount "107"]
[EventDate "2020.02.22"]
[EventType "swiss"]
[EventCountry "FRA"]
[SourceTitle "playchess.com"]
[Source "ChessBase"]
[SourceQuality "1"]

{[%evp 10,107,35,24,35,24,30,25,38,34,34,23,62,50,113,92,107,85,75,26,57,26,43,0,33,17,5,-46,-53,-41,-36,-30,0,0,0,0,72,-51,0,-45,-55,-84,-95,-82,-83,-79,-82,-64,-82,-100,0,-29,0,0,0,-437,-327,-286,0,-228,0,-263,0,1,16,0,0,43,43,30,272,291,278,277,251,251,292,287,278,268,370,369,326,257,441,371,895,338,645,637,1325,1264,1848,891,29978,29979,5198,4132,1730,1672]} 1. e4 e5 2. Nf3 Nc6 3. Bc4 Nf6 4. d3 h6 5. O-O d6 6. c3 g5 {is currently scoring better than 6...g6. C55: Two Knights: 4 d3, 4 d4 exd4 5 e5 and Max Lange Attack.} 7. Re1 g4 8. Nfd2 h5 {White has an edge.} 9. Nf1 h4 10. d4 {[#]} Rh5 $146 ({Predecessor:} 10... Bg7 11. Bg5 Rh5 12. Qc1 Qe7 13. Bd5 Bd7 14. b4 exd4 15. b5 Ne5 16. Rd1 c6 17. bxc6 bxc6 {0-1 (74) Praggnanandhaa,R (2530)-Mamedyarov,S (2817) Kolkata 2018}) 11. Na3 Qe7 (11... Bh6 $14) 12. d5 Nb8 13. Bd3 Nbd7 14. Qa4 Kd8 15. b4 Bh6 16. Nc2 Nf8 17. Nce3 N8h7 18. Nf5 ({Better is} 18. c4 $11) 18... Bxf5 $1 $15 19. exf5 Bxc1 20. Raxc1 Ng5 21. Be2 Rh8 22. Qd1 a5 (22... g3 $11 {keeps the balance.}) 23. a3 {[#]} (23. Bxg4 $16 axb4 24. f4) 23... axb4 (23... g3 $1 $15 {[%mdl 512]}) 24. axb4 {[#]} g3 $1 {[%mdl 512]} 25. fxg3 hxg3 26. Nxg3 Qf8 $1 27. Qd3 Qh6 $1 {[%cal Rh6h2][%mdl 1024] Black has strong compensation.} 28. Nf1 Rg8 $36 {[%mdl 2048] White is under strong pressure.} 29. Ng3 Rh8 (29... Qh4 $17) 30. Nf1 $1 $11 Ke7 {Strongly threatening ...Rag8.} 31. Qc4 Rac8 {White must now prevent ...Nh3+!} 32. Ra1 $2 {[%mdl 8192] [#]} (32. Rc2 $1 $11 {and White stays safe.}) 32... Nh3+ $1 {[%mdl 512]} 33. Kh1 ({Reject} 33. gxh3 Qxh3 34. Kh1 Rhg8 $19) 33... Nf2+ 34. Kg1 {[#]} Nh3+ $1 {[%mdl 512]} 35. Kh1 $1 {[#]} ({Not} 35. gxh3 $2 Qxh3 36. Kh1 Rhg8 $19) 35... Nf4 $2 ({Black should play} 35... Ne4 $1 $19 {[%cal Re4f2][%mdl 512]} 36. gxh3 (36. Qxe4 Nf2+) 36... Qf4) 36. Bf3 Qg5 37. Ra7 Ng4 38. Bxg4 Qxg4 {[%csl Gf4][%cal Rg4g2]} 39. Ra2 Qxf5 $2 {A mistake that costs the game.} (39... Kd7 $11 {and Black is okay.}) 40. Rf2 $18 Rh4 41. g3 $1 {[%csl LRf4,LRh4]} Qd3 {[#]} 42. Qa2 $1 Rg4 {Hoping for ...Nh3.} 43. Rxf4 ({Resist} 43. gxf4 $6 Rcg8 $18) 43... Rxf4 44. gxf4 Qxc3 45. Qe2 f6 46. fxe5 dxe5 $2 (46... fxe5 {is a better defense.} 47. Nd2 Rf8) 47. Qe4 {Re3 is the strong threat.} Ra8 $2 (47... Rf8 48. Re2 Kd8) 48. Ng3 $2 (48. Re3 Qa1 49. Qh7+ Kf8 50. Kg1) 48... Kd6 $2 (48... Kd8 49. Rf1 Ra1 50. Rxa1 Qxa1+ 51. Kg2 Qb2+ 52. Ne2 Ke7) 49. Re2 Ra1+ 50. Kg2 Qc1 51. Qf3 (51. Qg6 $142 Kxd5 52. Rc2 Qg1+ {[#]} 53. Kh3 $1 {[%mdl 512]}) 51... Qg1+ 52. Kh3 Ke7 53. Rf2 Ra6 {[#]} 54. d6+ $1 {Accuracy: White = 67%, Black = 44%.} 1-0

[Event "19th Rochefort Open 2020"]
[Site "Rochefort"]
[Date "2020.02.25"]
[Round "6.1"]
[White "Burmakin, Vladimir"]
[Black "Van den Doel, Erik"]
[Result "1/2-1/2"]
[WhiteElo "2514"]
[BlackElo "2583"]
[Annotator "TA"]
[PlyCount "36"]
[EventDate "2020.02.22"]
[EventType "swiss"]
[EventCountry "FRA"]
[SourceTitle "playchess.com"]
[Source "ChessBase"]
[SourceQuality "1"]

{[%evp 9,36,-10,13,29,33,0,0,4,18,-22,-7,-62,-24,-39,0,-56,-3,0,0,-31,-43,-44,-31,-47,-45,-35,-8,-44,0]} 1. Nf3 d5 2. c4 d4 3. g3 Nc6 4. Bg2 e5 5. O-O e4 6. Ne1 $1 {A09: Réti Opening: 1 Nf3 d5 2 c4.} h5 7. d3 {[#]} e3 $1 {[%mdl 512]} 8. fxe3 {The position is equal.} h4 9. exd4 hxg3 {[#]} 10. hxg3 $146 (10. d5 $1 $11 Bg4 11. Be3 gxh2+ 12. Kh1) ({Predecessor:} 10. Bf4 gxh2+ 11. Kh1 Nxd4 12. e3 Ne6 13. Nf3 Nf6 14. Nc3 Be7 15. Ne5 Nh5 16. Qf3 Nhxf4 17. exf4 {½-½ (34) Jahncke,G (2325)-Yankelevich,L (2411) Neustadt an der Weinstrasse 2017}) 10... Nxd4 11. Nc3 Bg4 12. Qd2 (12. Qa4+ $11 c6 13. e3) 12... Bb4 (12... Bc5 $15 13. e3 Nf5) 13. Rf2 $36 {[%mdl 2048] White fights for an advantage.} c6 14. Nc2 ({Much worse is} 14. Qf4 Nf6 $17) 14... Nxc2 15. Qxc2 Bc5 16. e3 Nf6 {[%mdl 1024] Black has compensation.} 17. d4 $1 {[%cal Rd4c5]} Be7 (17... Bd6 $5 {[%cal Rd6g3]} 18. Ne4 Nxe4 19. Qxe4+ {[%mdl 64] Double Attack} Be6 $11) 18. d5 Bd7 {Accuracy: White = 52%, Black = 58%.} 1/2-1/2

[Event "19th Rochefort Open 2020"]
[Site "Rochefort"]
[Date "2020.02.25"]
[Round "6.2"]
[White "Gareyev, Timur"]
[Black "Bogdanov, Egor"]
[Result "1-0"]
[WhiteElo "2607"]
[BlackElo "2433"]
[Annotator "TA"]
[PlyCount "53"]
[EventDate "2020.02.22"]
[EventType "swiss"]
[EventCountry "FRA"]
[SourceTitle "playchess.com"]
[Source "ChessBase"]
[SourceQuality "1"]

{[%evp 14,53,54,27,58,8,14,9,54,0,0,0,0,0,15,6,0,-46,19,16,27,29,166,149,373,371,617,617,595,599,1313,1313,1252,1243,1245,1222,1955,2028,1986,2031,1839,1863]} 1. d4 Nf6 2. c4 g6 3. Nc3 Bg7 4. e4 O-O 5. Bg5 d6 6. Qd2 c5 7. d5 e6 8. Bd3 exd5 {E70: King's Indian: Miscellaneous lines with 4 e4, including 5 Nge2 and 5 Bd3 0-0 6 Nge2.} 9. cxd5 a6 10. a4 Qc7 {The position is equal.} 11. Nge2 (11. Nf3 $14) 11... Nbd7 $11 {[#]} 12. b3 $146 ({Predecessor:} 12. O-O c4 13. Bc2 Re8 14. Kh1 Nc5 15. Ng3 Re5 16. Bh4 Bd7 17. f4 Ree8 18. Rae1 {½-½ (90) Rios,C (2513)-Golubov,S (2460) Voronezh 2019}) 12... c4 13. bxc4 Ne5 14. O-O $36 {[%mdl 2048] White has good play.} Nfd7 15. f4 Nxc4 (15... Nxd3 $15 16. Qxd3 f5) 16. Bxc4 {Threatens to win with Bd3.} Qxc4 17. f5 Be5 (17... Nc5 $11 {and Black is okay.}) 18. Be7 $1 $18 Re8 $2 {[#] Now Black is done in.} (18... f6 $16) 19. f6 $1 Kh8 $2 {[#]} (19... Nxf6 20. Bxf6 Bxf6) 20. Qh6 $1 {[%csl Gf6][%cal Rh6g7][%mdl 512] White is clearly winning.} Rg8 {[#]} 21. Rf3 $1 Nc5 {...g5 is the strong threat.} 22. Bf8 {Threatening mate with Bg7+.} Bxf6 23. Rxf6 {[%mdl 64] Double Attack} Be6 24. Bxd6 {Rxf7! would kill now.} Nd7 25. Raf1 Rg7 26. dxe6 Nxf6 27. Be5 {Accuracy: White = 85%, Black = 40%.} 1-0

[Event "19th Rochefort Open 2020"]
[Site "Rochefort"]
[Date "2020.02.25"]
[Round "6.3"]
[White "Maiorov, Nikita"]
[Black "Jolly, Jean-Francois"]
[Result "1-0"]
[WhiteElo "2506"]
[BlackElo "2386"]
[Annotator "TA"]
[PlyCount "53"]
[EventDate "2020.02.22"]
[EventType "swiss"]
[EventCountry "FRA"]
[SourceTitle "playchess.com"]
[Source "ChessBase"]
[SourceQuality "1"]

{[%evp 14,53,9,8,33,8,26,6,0,0,0,0,26,28,26,31,22,27,36,41,78,18,41,48,47,55,97,35,118,117,96,93,146,138,144,146,134,121,503,495,1012,987]} 1. d4 Nf6 2. c4 g6 3. g3 c6 4. Bg2 d5 5. Nf3 Bg7 6. b3 O-O 7. O-O dxc4 8. bxc4 c5 {D78: Fianchetto Grünfeld: 6 0-0 c6.} 9. Bb2 Qb6 10. Qb3 Ne4 {[%cal Rc5d4] The position is equal.} 11. e3 Nc6 12. Ne5 Nd6 (12... Ng5 {feels hotter.} 13. f4 Nh3+ 14. Kh1 cxd4 15. Qxb6 axb6 16. exd4 Rd8) 13. Nxc6 bxc6 14. dxc5 Qxc5 15. Bxg7 Kxg7 16. Nd2 {[%cal Bb1d2,Bd2b3,Bb3d4][%mdl 32] [#]} f6 $146 ({Predecessor:} 16... Be6 17. Rfc1 Rab8 18. Qc3+ Kg8 19. Nb3 Qxc4 20. Qxc4 Bxc4 21. Na5 Bd5 22. Nxc6 Bxc6 23. Rxc6 Rfc8 24. Rac1 Rxc6 25. Bxc6 Rc8 {½-½ (25) Howell,D (2685)-Gelfand,B (2735) Tallinn 2016}) 17. Rfc1 (17. Qa4 $16) 17... a5 18. Qa4 Ra6 19. Nb3 Qe5 20. Qa3 (20. Bxc6 $2 Rxc6 $1 {[%mdl 512]} 21. Qxc6 Bb7 $17) (20. c5 $16 Nb5 21. Bxc6 $1 {[%mdl 576] Remove Defender} Rxc6 22. Qxb5) 20... a4 (20... Nf7 $1 $14) 21. Nd4 $1 $16 Bd7 22. c5 Nf7 ({Black should play} 22... Nf5) 23. Rab1 $36 {[%mdl 2048] aiming for Rb7. Black is under strong pressure.} Rb8 {[#]} 24. Qd3 $1 Rxb1 25. Rxb1 ({Don't take} 25. Qxb1 $6 Qc7 $11) 25... Bc8 $2 {[%mdl 8192] [#]} (25... Ra8 $16) 26. f4 $1 $18 {[%cal Rf4e5]} Qc7 {[#]} (26... Qh5 $142 27. Rb8 Qg4) 27. Qxa6 $1 {[%mdl 576] Double Attack. Accuracy: White = 89%, Black = 51%.} 1-0

[Event "19th Rochefort Open 2020"]
[Site "Rochefort"]
[Date "2020.02.25"]
[Round "6.4"]
[White "Duboue, Peio"]
[Black "Korneev, Oleg"]
[Result "1/2-1/2"]
[WhiteElo "2421"]
[BlackElo "2505"]
[Annotator "TA"]
[PlyCount "92"]
[EventDate "2020.02.22"]
[EventType "swiss"]
[EventCountry "FRA"]
[SourceTitle "playchess.com"]
[Source "ChessBase"]
[SourceQuality "1"]

{[%evp 15,92,0,0,0,5,0,0,0,0,0,0,0,0,0,0,0,13,13,13,4,12,0,0,-19,-19,-19,-18,-18,-18,-35,-20,-67,-61,-56,-61,-59,-9,-11,0,0,0,0,0,0,0,0,0,0,0,0,0,-20,0,0,0,0,0,0,0,-8,-8,-8,-8,-8,-8,-8,-8,-8,-8,-8,-8,-8,0,0,0,0,0,0,0]} 1. e4 e5 2. Nf3 Nc6 3. Bc4 Bc5 4. c3 Nf6 5. d4 exd4 6. e5 d5 7. Bb5 Ne4 8. cxd4 Bb6 9. Nc3 {C54: Giuoco Piano: 4 c3 Nf6, main lines with 5 d4 and 5 d3.} Bg4 10. Be3 O-O 11. h3 Bh5 12. Qc2 Nxc3 $1 {[%mdl 4] is now more promising than 12...Bg6. Played by Pentala Harikrishna in December 2019.} 13. bxc3 f6 14. exf6 Qxf6 15. Be2 Na5 16. Ne5 Bxe2 17. Qxe2 {[#]} c5 $146 ({Predecessor:} 17... Qe6 18. a4 c5 19. O-O Rac8 20. Rfe1 Nb3 21. Rad1 Ba5 22. Qb5 c4 23. Nf3 Qd6 {1-0 (43) Wan,Y (2499)-Wen,Y (2588) Shenyang 2019}) 18. Nd7 {[%mdl 64] [#] Double Attack} Qc6 $1 {aiming for ...cxd4.} 19. dxc5 ({But not} 19. Nxf8 cxd4 20. O-O dxe3 $17) 19... Rfe8 {And now ...Bc7 would win.} 20. Nxb6 axb6 21. O-O bxc5 {[#] Hoping for ...d4!} 22. Qf3 Nc4 23. Rad1 Re5 24. Bf4 Rf5 {White must now prevent ...Raf8.} 25. Qg4 Qg6 {Strongly threatening ...Qxg4.} 26. Bg3 {The position is equal.} Rxa2 27. Rfe1 Ra8 28. Re7 Qxg4 (28... b6 {seems wilder.} 29. Qxg6 hxg6 30. Rd7 Ra3 31. Re1 Nd2) 29. hxg4 Rf7 30. Rxf7 Kxf7 31. Rxd5 $11 {[%mdl 4096] Endgame KRB-KRN} b6 32. Rd7+ Kf8 33. f4 Ra3 34. Rd3 Ra7 35. f5 h6 36. Bf4 Ke8 37. g5 hxg5 38. Bxg5 Rd7 39. Rxd7 Kxd7 {KB-KN} 40. f6 gxf6 41. Bxf6 Ke6 42. Bg7 Kf7 43. Bh6 Nd6 {White should prevent ...Ne4.} 44. Bf4 Nb5 45. Bd2 Nd6 46. Bf4 Nb5 {Accuracy: White = 97%, Black = 97%.} 1/2-1/2

[Event "19th Rochefort Open 2020"]
[Site "Rochefort"]
[Date "2020.02.25"]
[Round "6.5"]
[White "Suarez Uriel, Adrian"]
[Black "Jeet, Jain"]
[Result "1/2-1/2"]
[WhiteElo "2371"]
[BlackElo "2223"]
[Annotator "TA"]
[PlyCount "152"]
[EventDate "2020.02.22"]
[EventType "swiss"]
[EventCountry "FRA"]
[SourceTitle "playchess.com"]
[Source "ChessBase"]
[SourceQuality "1"]

{[%evp 13,152,14,15,5,21,15,29,26,48,34,44,43,46,25,28,29,43,37,34,15,20,15,38,18,27,17,20,20,34,10,20,0,0,0,10,13,16,0,0,0,0,0,0,0,-1,-44,-52,-94,-96,-98,-102,-470,-466,-446,-442,-377,-222,-157,-83,-93,-82,-156,-73,-82,-91,-193,-183,-433,-415,-1014,-151,-151,-151,-151,-151,-151,-151,-151,-87,-216,-8,-183,0,0,0,0,0,0,0,0,0,0,0,0,0,0,0,0,0,0,0,0,0,0,0,0,0,0,0,0,0,0,0,0,0,0,0,0,0,0,0,0,0,0,0,0,0,0,0,0,0,0,0,0,0,0,0,0,0,0,0]} 1. e4 e5 2. Nf3 Nc6 3. Bb5 a6 4. Ba4 Nf6 5. O-O Be7 6. d3 b5 7. Bb3 d6 8. Bd2 {8.a3 is setting a new trend. C84: Closed Ruy Lopez: Unusual White 6th moves.} O-O 9. h3 Be6 10. Nc3 {[#] White has an edge.} Nd7 $146 ({Predecessor:} 10... Qd7 11. Nd5 Rae8 12. a4 Bd8 13. axb5 axb5 14. Nxf6+ Bxf6 15. Bxe6 Rxe6 16. Re1 d5 {½-½ (67) Blomqvist,E (2539)-Bacrot,E (2679) chess.com INT 2020}) 11. Bd5 Bxd5 12. Nxd5 Nb6 13. Qe2 Nxd5 14. exd5 Nd4 15. Nxd4 exd4 16. Qg4 Bf6 17. a4 Qc8 18. axb5 axb5 19. Qxc8 Rfxc8 20. g4 h6 21. b3 Re8 22. Ba5 Ra7 23. Bb4 Rxa1 24. Rxa1 $11 {[%mdl 4096] Endgame KRB-KRB} Re2 25. Ra8+ Kh7 26. Rc8 Rxc2 27. Bxd6 $1 Rc3 28. Rxc7 Rxd3 29. Bf4 g5 30. Rc6 Kg7 31. Bc7 Rxb3 32. Ba5 $2 {[%mdl 8192]} (32. Kf1 $17) 32... Ra3 $19 33. Bd2 Ra2 34. Bb4 Ra4 (34... Rb2 $142 35. Ba3 Rb1+ 36. Kg2 b4) 35. Bd2 d3 ({Black should play} 35... Ra1+ $1 36. Kg2 Ra2) 36. d6 $17 Rc4 37. Ra6 ({White should try} 37. Rb6) 37... Rd4 (37... b4 $142 38. d7 Rd4) 38. Rb6 Rd5 39. Kg2 (39. Kf1 $17) 39... Be5 $19 {Threatens to win with ...Bf4.} 40. Kf3 $2 {[#]} (40. Kf1) 40... Bf4 $1 {[%cal Rf4d2][%mdl 512]} 41. Ke4 (41. Bc3+ $142 f6 42. Rb7+ Kg8 43. Rb8+ Kf7 44. Rb7+ Kg6 45. Ke4) (41. Bxf4 gxf4) 41... Rxd6 $2 (41... Bxd2 $19 {and Black stays clearly on top.} 42. Kxd5 Bc1) 42. Bc3+ f6 43. Rxd6 Bxd6 44. Kxd3 $17 {KB-KB} Kf7 $1 45. Bd2 Bc5 (45... Ke6 $142 46. Bc1 Kd5) 46. f4 {[#]} (46. f3 $17) 46... Ke6 $2 (46... gxf4 $1 $19 {aiming for ...Bd6.} 47. Bxf4 Kg6) 47. f5+ $2 {[#]} (47. Ke4 $1 $11 {and White is okay.}) 47... Kd5 $2 (47... Ke5 $1 $19 48. Bc1 (48. Bc3+ $2 Kf4 $19) 48... Bd4) 48. Bc3 $11 {The position is equal.} Be7 49. Bb2 Kc6 50. Bd4 Kb7 51. Ke4 {Strongly threatening Kd5.} Kc6 52. Kd3 Bd8 53. Bb2 Kc5 54. Ba3+ b4 55. Bb2 Kb5 56. Kd4 Kc6 57. Kc4 Be7 58. Bd4 Kc7 59. Be3 Kc6 60. Bd4 Kc7 61. Kd5 Kd7 62. Ba1 Bd8 63. Bb2 Be7 64. Bd4 b3 {...Ba3 is the strong threat.} 65. Kc4 Kc6 66. Kxb3 Kd5 67. Bc3 Ke4 68. Kc4 Kf3 69. Kd5 {Black must now prevent Ke6.} Kg3 70. Ke6 Bc5 71. Bxf6 Kxh3 72. Be5 Kxg4 73. f6 h5 74. f7 {Intending Bd6 and mate.} Bf8 $1 75. Bd6 Bg7 76. Be5 Bf8 {White happily takes the draw. Accuracy: White = 72%, Black = 80%.} 1/2-1/2

[Event "19th Rochefort Open 2020"]
[Site "Rochefort"]
[Date "2020.02.26"]
[Round "7.1"]
[White "Van den Doel, Erik"]
[Black "Maiorov, Nikita"]
[Result "1/2-1/2"]
[WhiteElo "2583"]
[BlackElo "2506"]
[Annotator "TA"]
[PlyCount "37"]
[EventDate "2020.02.22"]
[EventType "swiss"]
[EventCountry "FRA"]
[SourceTitle "playchess.com"]
[Source "ChessBase"]
[SourceQuality "1"]

{[%evp 13,37,2,12,-10,-2,-13,11,18,13,2,20,18,19,12,17,0,0,0,0,-9,0,-4,0,-12,-12,-33]} 1. d4 Nf6 2. Nf3 e6 3. Bf4 c5 4. c3 b6 5. e3 Be7 6. h3 O-O $1 {The main line 6...0-0 scores better than 6...Bb7.} 7. Nbd2 d6 {[#] The position is equal.} 8. e4 $146 {A47: 1 d4 Nf6 2 Nf3 b6: Torre, London and Colle Systems.} ({Predecessor:} 8. a4 Nc6 9. Be2 Bb7 10. O-O Re8 11. Bh2 Bf8 12. Re1 Qc8 13. Qb1 Ba6 14. Bb5 Rd8 15. Rc1 Bb7 {1-0 (52) Wen,Y (2605)-Wan,Y (2486) Shenzhen 2017}) 8... cxd4 9. cxd4 Ba6 10. Bxa6 Nxa6 11. Qe2 Nc7 {[%cal Ba6c7,Bc7e8,Be8f6][%mdl 32]} 12. O-O Qd7 13. Rfc1 Rfc8 14. Rc3 Nce8 15. a4 Qb7 16. Bg5 Bf8 17. Ne1 h6 18. Bxf6 Nxf6 19. Rg3 {An uneventful encounter. Accuracy: White = 100%, Black = 100%.} 1/2-1/2

[Event "19th Rochefort Open 2020"]
[Site "Rochefort"]
[Date "2020.02.26"]
[Round "7.2"]
[White "Korneev, Oleg"]
[Black "Gareyev, Timur"]
[Result "1/2-1/2"]
[WhiteElo "2505"]
[BlackElo "2607"]
[Annotator "TA"]
[PlyCount "66"]
[EventDate "2020.02.22"]
[EventType "swiss"]
[EventCountry "FRA"]
[SourceTitle "playchess.com"]
[Source "ChessBase"]
[SourceQuality "1"]

{[%evp 17,66,31,28,29,39,0,1,0,0,0,0,-6,0,-29,0,0,9,0,0,0,0,0,0,0,0,0,0,-8,-5,-31,-21,-36,-48,-48,-45,-35,-39,-48,-33,-33,-11,-8,0,0,0,0,0,0,0,0,0]} 1. e4 e5 2. Nf3 Nc6 3. Bc4 Nf6 4. d3 h6 5. c3 d6 6. Nbd2 g6 7. O-O Bg7 8. Bb3 O-O 9. Re1 Re8 10. h3 {C55: Two Knights: 4 d3, 4 d4 exd4 5 e5 and Max Lange Attack.} Be6 {[#]} 11. d4 $146 ({Predecessor:} 11. Ba4 Nd7 12. Nf1 Nb6 13. Bc2 d5 14. Ne3 f5 15. exd5 Nxd5 16. Bb3 Kh7 17. d4 e4 {0-1 (53) Thipsay,B (2093)-Michelle,C (2226) Managiri 2019}) 11... exd4 12. cxd4 {[#] Hoping for d5.} Bxb3 13. Qxb3 a5 14. a3 Nd7 15. d5 Nc5 (15... a4 $5 {[%cal Ra4b3]} 16. Qc2 Ncb8 $11) 16. Qc2 Nb8 {[%cal Bc6b8,Bb8d7,Bd7c5][%mdl 32]} 17. Nb3 Nxb3 18. Qxb3 Nd7 19. Bd2 Nc5 20. Qc2 Qd7 21. Rab1 Qa4 22. Qxa4 Nxa4 23. b4 Nc3 24. Bxc3 Bxc3 25. Re3 axb4 26. axb4 Bf6 27. b5 b6 28. Rc1 Re7 29. Rc4 {The position is equal.} Ra2 30. Rb3 Ra1+ 31. Kh2 Ra2 32. Kg1 Ra1+ 33. Kh2 Ra2 {Accuracy: White = 89%, Black = 95%.} 1/2-1/2